Subdivision capitals closest to Zalaegerszeg (HU) - Statistics

General Stats
  • This quiz has been taken 10 times
  • The average score is 12 of 20
Answer Stats
Distance (km) Answer % Correct
11 110 Graz
100%
12 111 Győr
80%
7 90 Kaposvár
80%
8 97 Maribor
80%
17 136 Pécs
80%
15 125 Székesfehérvár
80%
1 46 Szombathely
80%
20 142 Tatabánya
80%
6 85 Veszprém
80%
16 133 Zagreb
80%
13 114 Eisenstadt
60%
2 56 Murska Sobota
60%
4 71 Varaždin
60%
5 76 Koprivnica
40%
14 120 Virovitica
40%
9 105 Bjelovar
20%
3 60 Čakovec
20%
18 139 Celje
20%
10 106 Krapina
20%
19 140 Slovenj Gradec
20%
No matching quizzes found
Score Distribution
Percent of People with Each Score
Percentile by Number Answered
Your Score History
You have not taken this quiz